| 000 | 00826nam a2200205Ia 4500 | ||
|---|---|---|---|
| 001 | Z_258 | ||
| 008 | 220601s9999 xx 000 0 und d | ||
| 090 | _aTesis A 166 | ||
| 100 |
_aAguilera Monroy, Jorge Julio _92917 |
||
| 245 | _aCrecimiento comparativo de vaquillas Holstein en estabulación y en pastoreo de praderas asociadas en Tulancingo, Hgo. / Jorge Julio Aguilera Monroy | ||
| 260 | _aChapingo, Méx. : El autor | ||
| 300 | _a91 p. gráfs. | ||
| 502 | _aTesis (Ing. Agrónomo Esp. en Zootecnia) -- UACH. Departamento de Zootecnia | ||
| 650 |
_a1. Ganado Holstein 2. Ganado vacuno - Engorda 3. Ganado vacuno - Crecimiento 4. Ganado vacuno - Pastoreo Ì _9176824 |
||
| 901 | _aTESIS A 166 | ||
| 902 | _aM | ||
| 905 | _a0000001981 0000000000 00 | ||
| 942 | _c2 | ||
| 999 |
_c216834 _d216834 |
||